Statistics for All neighborhoods of the municipality of Amsterdam

Click here to take the quiz!

General Stats

  • This quiz has been taken 54 times
  • The average score is 12 of 80

Answer Stats

Amsterdam% Correct
De Pijp
75%
CentrumJordaan
67%
ZuidoostBijlmer
54%
Bos en Lommer
40%
Osdorp
40%
Sloterdijk
40%
Rivierenbuurt
35%
Gein
33%
Nieuwmarkt
29%
Buitenveldert
27%
Slotervaart
27%
Zeeburg
27%
Gaasperplas
25%
ZuidZuidas
25%
Oud ZuidApollobuurt
23%
NoordBuikslotermeer
23%
Holendrecht
23%
Indische buurt
23%
Staatsliedenbuurt
21%
Geuzeveld
19%
EastIjburg
19%
Museumkwartier
19%
Stadionbuurt
19%
Tuindorp
19%
Betondorp
17%
Westerpark
17%
Burgwallen
15%
Haarlemmerbuurt
15%
Houthavens
15%
Kinkerbuurt
15%
Overamstel
15%
Vondelbuurt
15%
Oud OostDapperbuurt
13%
Ijplein
13%
Spaarndammerbuurt
13%
Transvaalbuurt
13%
Westpoort
13%
Willemspark
13%
Gaasperdam
10%
Grachtengordel West
10%
Grachtengordel Zuid
10%
Oostelijke eilanden
10%
Oostzanerwerf
10%
Schinkelbuurt
10%
Van Galenbuurt
10%
Weesperbuurt
10%
Weesperzijde
10%
Bullewijk
8%
Da Costabuurt
8%
Geuzenbuurt
8%
Hoofdweg
8%
WestKadoelen
8%
Volewijck
8%
Waterland
8%
Oud westChassebuurt
6%
De Kolenkit
6%
Erasmuspark
6%
Frankendael
6%
Frederik Hendrikbuurt
6%
Helmersbuurt
6%
Hoofddorppleinbuurt
6%
Landlust
6%
Prinses Irenebuurt
6%
Westindische buurt
6%
Buiksloterdijk
4%
Centrale Markt
4%
De Banne
4%
Elzenhagen
4%
Overtoomse Sluis
4%
Tuindorp Oostzaan
4%
Van Lennepbuurt
4%
WestpoortWestelijk Havengebied
4%
Westlandgracht
4%
De Weteringschans
2%
Middenmeer
2%
Oostelijk Havengebied
2%
Nieuw westSloterpolder
2%
Waterlandpleinbuurt
2%
Oostenparkbuurt
0%
Watersgraafsmeer
0%

Score Distribution

Percentile by Number Answered

Percent of People with Each Score

Your Score History

You have not taken this quiz